| 000 | 00470nam a22001817a 4500 | ||
|---|---|---|---|
| 003 | CEME | ||
| 005 | 20210628203025.0 | ||
| 008 | 210127b xxu||||| |||| 00| 0 eng d | ||
| 020 | _a81-203-1131-0 | ||
| 040 | _c. | ||
| 082 | _a005.1 BRA | ||
| 100 |
_aBratley, Paul:Brassard, Gilles _962922 |
||
| 245 | _aFundamentals of algorithmics | ||
| 260 |
_aNEW DELHI _bPRENTICE HALL OF INDIA _c2003 |
||
| 300 | _aXIX,524P | ||
| 650 |
_aALGORITHMICS _962923 |
||
| 942 |
_cBK _2ddc |
||
| 999 |
_c571872 _d571872 |
||